Normal view
MARC view
- Economics BS-Project Report
Entry Topical Term
001 - CONTROL NUMBER
- control field: 27430
003 - CONTROL NUMBER IDENTIFIER
- control field: NUST
005 - DATE AND TIME OF LATEST TRANSACTION
- control field: 20200109094524.0
008 - FIXED-LENGTH DATA ELEMENTS
- fixed length control field: 200109|| aca||aabn | a|a d
040 ## - CATALOGING SOURCE
- Original cataloging agency: NUST
- Transcribing agency: NUST
150 ## - HEADING--TOPICAL TERM
- Topical term or geographic name entry element: Economics BS-Project Report
670 ## - SOURCE DATA FOUND
- Source citation: Work cat.: (NUST)533499: Effects of Oil Price on Emerging Economies of Brics /, 2019.
